000 00292nam a2200133Ia 4500
100 _aJoshi/S.D
942 _cBK
654 _ainformation technology
245 _aFoundations of Information technology
260 _bTech-Max
_c2002
082 _a4.6
_bJOS
546 _aENGLISH
999 _c29766
_d29766